000 00861nam0a22002291i 4500
001 rc\4476206
005 20240724170856.0
021 _aRU
_b[66-11379]
035 _a(NLR Aleph) 008332258
090 _a8824522
_c8824522
100 _a20130416d1966 |||y0rusy50 ca
101 0 _arus
102 _aRU
105 _ay d |||||
200 1 _aИсследование динамики трудоемкости продукции
_e(На примере машиностроения)
_eАвтореферат дис. на соискание учен. степени кандидата экон. наук
_fОдес. политехн. ин-т
210 _aОдесса
_d1966
215 _a18 с.
700 1 _aКракович
_bЭ.Д.
_gЭрнст Данилович
801 0 _aRU
_bNLR
_gpsbo
801 1 _aRU
_bELAR
_2rusmarc
852 _aNLR
_j66-4/3478
942 _cBOOK